Exclusive remedies clauses (Record no. 72080)

MARC details
000 -LEADER
fixed length control field 01499cam a2200217 4500
001 - CONTROL NUMBER
control field ABS66308
008 - FIXED-LENGTH DATA ELEMENTS--GENERAL INFORMATION
fixed length control field 030207n2002 000 0 eng u
035 ## - SYSTEM CONTROL NUMBER
System control number (Sirsi) u121288
245 ## - TITLE STATEMENT
Title Exclusive remedies clauses
260 ## - PUBLICATION, DISTRIBUTION, ETC.
Date of publication, distribution, etc. 2002
490 ## - SERIES STATEMENT
Series statement Scottish Construction Law Review
Volume/sequential designation (7) December 2002, 2-3(2)
520 ## - SUMMARY, ETC.
Summary, etc. Presents an overview of the exclusive remedies clause in contracts such as the "Model form of conditions of contract" known as MF/1. This is a type of exclusion of liability clause which typically provides that rights, liabilities and obligations are fully expressed within the contract, and no other rights or obligations may be implied or arise under contract or by negligent act or omission. Looks at "Strachan and Henshaw Ltd v Stein Industrie (UK) Ltd and another" [CA Abs59381] where the claimant claimed the main contractor (Stein) had breached the contract by moving their facilities half a mile away. CA found that clause 44.4 effectively barred claims for damages for breach of contract and misrepresentation. Concludes parties could not possibly foresee and provide for all the various claims that might be made in connection with, or arising from, the contract.
590 ## - LOCAL NOTE (RLIN)
Local note ABS
650 ## - SUBJECT ADDED ENTRY--TOPICAL TERM
Topical term or geographic name entry element EXCLUSIVE REMEDY CLAUSES
650 ## - SUBJECT ADDED ENTRY--TOPICAL TERM
Topical term or geographic name entry element STRACHAN AND HENSHAW LTD V STEIN INDUSTRIE (UK) LTD AND ANOTHER
650 ## - SUBJECT ADDED ENTRY--TOPICAL TERM
Topical term or geographic name entry element MF/1
650 ## - SUBJECT ADDED ENTRY--TOPICAL TERM
Topical term or geographic name entry element LIABILITY CLAUSES
650 ## - SUBJECT ADDED ENTRY--TOPICAL TERM
Topical term or geographic name entry element BREACH OF CONTRACT
690 ## - LOCAL SUBJECT ADDED ENTRY--TOPICAL TERM (OCLC, RLIN)
Topical term or geographic name as entry element BUILT ENVIRONMENT-BUILDING CONTRACT FORMS
942 ## - ADDED ENTRY ELEMENTS (KOHA)
Suppress in OPAC 0
Holdings
Withdrawn status Lost status Source of classification or shelving scheme Damaged status Not for loan Home library Current library Shelving location Date acquired Total Checkouts Full call number Barcode Date last seen Copy number Price effective from Koha item type
    Dewey Decimal Classification     London London Journal article 07/02/2003   ABS66308 121288-1001 06/08/2019 1 06/08/2019 Journal article